<?xml version="1.0" encoding="UTF-8"?>
<record
    xmlns:xsi="http://www.w3.org/2001/XMLSchema-instance"
    xsi:schemaLocation="http://www.loc.gov/MARC21/slim http://www.loc.gov/standards/marcxml/schema/MARC21slim.xsd"
    xmlns="http://www.loc.gov/MARC21/slim">

  <leader>02203nam a22002417a 4500</leader>
  <controlfield tag="005">20251206102755.0</controlfield>
  <controlfield tag="008">220824b           ||||| |||| 00| 0 eng d</controlfield>
  <datafield tag="020" ind1=" " ind2=" ">
    <subfield code="a">9788125056805</subfield>
  </datafield>
  <datafield tag="040" ind1=" " ind2=" ">
    <subfield code="c">Aloy</subfield>
  </datafield>
  <datafield tag="041" ind1=" " ind2=" ">
    <subfield code="a">eng</subfield>
  </datafield>
  <datafield tag="082" ind1=" " ind2=" ">
    <subfield code="2">23</subfield>
    <subfield code="a">820.301</subfield>
    <subfield code="b">BALA</subfield>
  </datafield>
  <datafield tag="100" ind1=" " ind2=" ">
    <subfield code="a">Chandrika Balan</subfield>
    <subfield code="9">248102</subfield>
  </datafield>
  <datafield tag="245" ind1=" " ind2=" ">
    <subfield code="a">Arya and other stories</subfield>
  </datafield>
  <datafield tag="260" ind1=" " ind2=" ">
    <subfield code="a">Hyderabad</subfield>
    <subfield code="b">Oriental Blackswan</subfield>
    <subfield code="c">2014</subfield>
  </datafield>
  <datafield tag="300" ind1=" " ind2=" ">
    <subfield code="a">xvi,128p</subfield>
    <subfield code="b">PB</subfield>
    <subfield code="c">21x14cm</subfield>
  </datafield>
  <datafield tag="365" ind1=" " ind2=" ">
    <subfield code="2">English</subfield>
    <subfield code="a">3496</subfield>
    <subfield code="b">542.00</subfield>
    <subfield code="c">&#x20B9;</subfield>
    <subfield code="d">695.00</subfield>
    <subfield code="e">22%</subfield>
    <subfield code="f">09-08-2022</subfield>
  </datafield>
  <datafield tag="520" ind1=" " ind2=" ">
    <subfield code="a">She is from a village. She is angry at her conservative mother. She is a flawed activist. She is being judged. She makes compromises. She cannot die, even if she wills it. She chooses to command. Her children want to do away with her. She looks for friendships online. She craves for fame. She musters the courage to pursue her lover. What binds her through all these is her strength; she is indomitable. Arya and Other Stories is a collection of twelve short stories by Chandrika Balan, known in the Malayalam literary world as Chandramati. Balan brings to the reader a glimpse into the world of the woman in a village where feminism has reached. Here men know what feminism is, women know they can be independent; and, children know that their mother is not a caring-bearing machine. Balan&#x2019;s exploration is into the kind of questions a woman here goes through. Employing different writing styles realism, magic realism and postmodernism - Balan weaves a sensitive fabric that is a study of the contemporary woman. Accompanied by K. Satchidanandan&#x2019;s scholarly introduction that traces women&#x2019;s writing tradition in Kerala, this collection of poignant and incisive short stories is bound to interest every reader of fiction and translation Table of Contents Devigramam Arya Bonsai The People&#x2019;s Court The (Postmodern) Story of Jyoti Viswanath The Fifth One An Optical Illusion The Story of a Poem A Companion for the Twilight Hour Website Sponsors Please The Relevance of Graham Greene in the Life of a Bride</subfield>
  </datafield>
  <datafield tag="650" ind1=" " ind2=" ">
    <subfield code="a">English Fiction</subfield>
    <subfield code="9">55318</subfield>
  </datafield>
  <datafield tag="650" ind1=" " ind2=" ">
    <subfield code="a">English Novel</subfield>
    <subfield code="9">55319</subfield>
  </datafield>
  <datafield tag="650" ind1=" " ind2=" ">
    <subfield code="a">Malayalam  Story Tr in English</subfield>
    <subfield code="9">55357</subfield>
  </datafield>
  <datafield tag="650" ind1=" " ind2=" ">
    <subfield code="a">Short Stories</subfield>
    <subfield code="9">55320</subfield>
  </datafield>
  <datafield tag="942" ind1=" " ind2=" ">
    <subfield code="2">ddc</subfield>
    <subfield code="c">BK</subfield>
  </datafield>
  <datafield tag="999" ind1=" " ind2=" ">
    <subfield code="c">224470</subfield>
    <subfield code="d">224470</subfield>
  </datafield>
  <datafield tag="952" ind1=" " ind2=" ">
    <subfield code="0">0</subfield>
    <subfield code="1">0</subfield>
    <subfield code="2">ddc</subfield>
    <subfield code="4">0</subfield>
    <subfield code="7">0</subfield>
    <subfield code="8">ENG</subfield>
    <subfield code="a">AL</subfield>
    <subfield code="b">AL</subfield>
    <subfield code="d">2022-08-11</subfield>
    <subfield code="e">Biblios Book Point, Surathkal, Mangalore-575014</subfield>
    <subfield code="g">542.00</subfield>
    <subfield code="l">0</subfield>
    <subfield code="o">820.301 BALA</subfield>
    <subfield code="p">075956</subfield>
    <subfield code="r">2022-08-24 00:00:00</subfield>
    <subfield code="v">695.00</subfield>
    <subfield code="w">2022-08-24</subfield>
    <subfield code="y">BK</subfield>
  </datafield>
</record>
